000 00711nam a2200253Ia 4500
003 OSt
005 20220927105630.0
006 a|||||r|||| 00| 0
007 ta
008 220926b |||||||| |||| 00| 0 eng d
020 _a9780957187139
024 _a196581
037 _cReference Collections
040 _aRTL
_cRTL
_beng
041 _2eng
_aeng
082 _a"X991.46, Q2/UN"
110 _aUNITED NATIONS
245 0 _aAfter the spring
_b Prospects for the Arab World in 2013
260 _a"London,"
_b"United Nations Association- UK, "
_c2012
300 _a146p
_ccm.
700 _aUNITED NATIONS
942 _h"X991.46, Q2/UN"
_cCC
999 _c693503
_d693503